Statistics for Nursing Quiz #1

Click here to take the quiz!

General Stats

  • This quiz has been taken 1,208 times
  • The average score is 5 of 10

Answer Stats

QuestionAnswer% Correct
A nurse is showing a patient how to use crutches at home and instructing his mother about how to change his bandages. At this time, the nurse is primarily acting as:Teacher
73%
Nonverbal communication is defined as:The use of hand gestures to communicate with one another
64%
Who first developed nursing?Florence Nightingale
59%
Goal setting occurs during which phase of the nursing process?Planning
55%
Which is the most effective way to try to prevent various disease processes?All answers are correct
52%
Which of the following is the correct order of the nursing process?Assessing, Diagnosing, Planning, Implementing, Evaluating
49%
The definition of verbal communication is:Entails the use of words to deliver the intended message
48%
When broken down, 'homeostasis' means:Healthy and well
39%
What does 'I' stand for in the acronym ISBARIdentify
34%
How many standards are there in the NMBA Registered Nurse Standards for Practice?7
26%

Score Distribution

Percentile by Number Answered

Percent of People with Each Score

Your Score History

You have not taken this quiz